Informe preliminar sobre la situación ambiental de la cadena de oleaginosas (palma de aceite) en Colombia : (Registro nro. 3938)

Detalles MARC
000 -CABECERA
Campo de control 00909nam a2200229 a 4500
005 - FECHA Y HORA DE LA ULTIMA TRANSACCION
Campo de control 20180803165133.0
008 - ELEMENTOS DE LONGITUD FIJA—INFORMACION GENERAL
Campo de control 140312s1998 ck d fr||||o000 0 spa d
040 ## - FUENTE DE CATALOGACIÓN
Agencia catalogadora original CO-BoIAVH
Agencia transcriptora CO-BoIAVH
041 0# - IDIOMA
Código de idioma para texto/pista de sonido o título separado Español
044 ## - PAÍS DE PUBLICACIÓN
País de publicación Colombia
082 04 - NUMERO DE CLASIFICACION DECIMAL DEWEY
Número de clasificación 641.33851
Número del ítem M66i
110 2# - ASIENTO PRINCIPAL--NOMBRE CORPORATIVO
Nombre corporativo o de jurisdicción como elemento de entrada Colombia.
Unidad subordinad Ministerio del Medio Ambiente
9 (RLIN) 60312
245 10 - MENCION DE TITULO
Título Informe preliminar sobre la situación ambiental de la cadena de oleaginosas (palma de aceite) en Colombia :
Parte restante del título aspectos agronómicos, productivos y ambientales /
Mención de responsabilidad Ministerio del Medio Ambiente.
260 ## - PUBLICACION, DISTRIBUCION, ETC. (PIE DE IMPRENTA)
Lugar de publicación, distribución, etc. Bogotá :
Nombre del editor, distribuidor, etc. Ministerio del Medio Ambiente ,
Fecha de publicación, distribución, etc. 1998.
300 ## - DESCRIPCION FISICA
Extensión 112 páginas :
Otros detalles físicos ilustraciones y gráficos ;
Dimensiones 27 cm.
650 16 - ASIENTO SECUNDARIO DE MATERIA - TERMINO TEMATICO
Término temático o nombre geográfico como elemento de entrada Plantas oleaginosas
9 (RLIN) 4751
650 26 - ASIENTO SECUNDARIO DE MATERIA - TERMINO TEMATICO
Término temático o nombre geográfico como elemento de entrada Cultivos de palma de aceite
9 (RLIN) 21087
650 #6 - ASIENTO SECUNDARIO DE MATERIA - TERMINO TEMATICO
Término temático o nombre geográfico como elemento de entrada Producción limpia
9 (RLIN) 60313
650 26 - ASIENTO SECUNDARIO DE MATERIA - TERMINO TEMATICO
Término temático o nombre geográfico como elemento de entrada Gestión ambiental sectorial
9 (RLIN) 21088
650 26 - ASIENTO SECUNDARIO DE MATERIA - TERMINO TEMATICO
Término temático o nombre geográfico como elemento de entrada Impacto ambiental
9 (RLIN) 92215
942 ## - ELEMENTOS ADICIONALES (KOHA)
Tipo de ítem Libro
Sistema de clasificación Dewey Decimal Classification
Existencias
Withdrawn status Lost status Sistema de Clasificación Damaged status No para préstamo Colección Ubicación Permanente Ubicación actual Fecha de adquisición Fuente de Valor Total Checkouts Número topográfico Inventario / Código de Barras Date last seen Ejemplar Price effective from Forma de adquisición Tipo de material Inventariado Valor
    Dewey Decimal Classification     General Bogotá Bogotá 29/06/2004 Ministerio del Medio Ambiente   LB-641.33851 M66i 016176 04/12/2012 Ej. 1 04/12/2012   Libro    
    Dewey Decimal Classification     General Bogotá Bogotá 17/02/2016     LB-641.33851 M66i 003663 17/02/2016 Ej. 3 17/02/2016   Libro    
    Dewey Decimal Classification     General Sala Fabio Quevedo Sala Fabio Quevedo 29/06/2004 Ministerio del Medio Ambiente   LB-641.33851 M66i 019487 18/01/2016 Ej. 2 18/01/2016   Libro Inventariado 2017 39000.00
    Local     General Villa de Leyva Villa de Leyva 29/06/2004 Ministeriodel Medio Ambiente   LB-03656 016177 04/12/2012 Ej. 4 04/12/2012   Libro